000 00540nam a2200181Ia 4500
005 20260429112239.0
008 260429s9999||||xx |||||||||||||| ||und||
020 _a9788180310652
041 _aHindi
082 _a891.433
_bYAS
100 _aयशपाल
245 0 _aझूठा सच :
_bवतन और देश /
_cयशपाल
250 _a9th ed.
260 _aप्रयागराज :
_bलोकभारती प्रकाशन,
_c2023.
300 _a415 p.; Hb
650 _aHindi fiction
942 _cTB
999 _c53101
_d53101